| 000 | 00552cam a22002171 4500 | ||
|---|---|---|---|
| 001 | sa 66000032 | ||
| 003 | DLC | ||
| 005 | 20260227112211.0 | ||
| 008 | 890514r1965uuuuio 000 0 dut | ||
| 010 | _asa 66000032 | ||
| 035 | _a(OCoLC)23397027 | ||
| 040 |
_aDLC _cMiU _dDLC |
||
| 042 | _apremarc | ||
| 050 | 0 | 0 |
_aBP188.3.M3 _bH3 |
| 100 | 1 | _aHassan, ʻAbbas. | |
| 245 | 1 | 0 | _aBeginilah tjara beristeri. |
| 250 | _a[Tjet 1] | ||
| 260 |
_aDjakarta, _bBakti Pustaka, _c1965. |
||
| 300 |
_a108 p. _c18 cm. |
||
| 650 | 0 |
_aMarried people _xReligious life |
|
| 999 |
_c66990 _d66990 |
||